Statistics for Sports

Click here to take the quiz!

General Stats

  • This quiz has been taken 39 times
    (17 since last reset)
  • The average score is 18 of 20

Answer Stats

Answer% Correct
Baseball
100%
Bowling
100%
Rugby
100%
Soccer/Futebol
100%
Tennis
100%
American Football
93%
Badminton
93%
Basketball
93%
Boxing
93%
Cheerleading
93%
Golf
93%
Ice hockey
93%
Volleyball
93%
Archery
87%
Fishing
87%
Nascar
87%
Wrestling
87%
Lacrosse
80%
Track
67%
Squash
47%

Score Distribution

Percentile by Number Answered

Percent of People with Each Score

Your Score History

You have not taken this quiz since the last reset